| 000 | 01427cad a22002895a 4500 | ||
|---|---|---|---|
| 001 | E147897 | ||
| 008 | 090629s2009 xxk f s000 0 eng d | ||
| 035 | _a(Sirsi) u147897 | ||
| 041 | 0 | _aeng | |
| 110 | 2 |
_aScotland _kLaws, etc |
|
| 245 | 0 | 4 |
_aThe Planning etc. (Scotland) Act 2006 (Consequential Amendments) Order 2009 _h[electronic resource] |
| 260 |
_aEdinburgh _bScottish Government _c2009 |
||
| 490 | 0 |
_aScottish Statutory Instrument _v2009: 256 |
|
| 520 | _aThis Order amends the Town and Country Planning (Scotland) Act 1997, the Planning (Listed Buildings and Conservation Areas) (Scotland) Act 1997, the Licensing (Scotland) Act 2005 and the Planning etc. (Scotland) Act 2006 in order to give full effect to the provisions of the 2006 Act. | ||
| 520 | _aComes into force 2 and 3 August 2009. | ||
| 521 | _aAdvanced | ||
| 590 | _aKA | ||
| 650 | 2 | 4 | _aTOWN AND COUNTRY PLANNING (SCOTLAND) ACT 1997 |
| 650 | 2 | 4 | _aPLANNING (LISTED BUILDINGS AND CONSERVATION AREAS) (SCOTLAND) ACT 1997 |
| 650 | 2 | 4 | _aLICENSING (SCOTLAND) ACT 2005 |
| 650 | 2 | 4 | _aPLANNING ETC. (SCOTLAND) ACT 2006 |
| 650 | 2 | 4 | _aPLANNING ETC. (SCOTLAND) ACT 2006 (CONSEQUENTIAL AMENDMENTS) ORDER 2009 |
| 651 | 4 |
_aScotland _y1999- |
|
| 690 |
_aPlanning and development _96259 |
||
| 856 | 4 | 0 |
_uhttps://www.opsi.gov.uk/legislation/scotland/ssi2009/ssi_20090256_en_1 _zView the statutory instrument free of charge at www.opsi.gov.uk... |
| 942 | _n0 | ||
| 999 |
_c109772 _d109772 |
||